| 000 | 01125nam a2200301Ia 4500 | ||
|---|---|---|---|
| 008 | 130821s2006 xxu gr eng | ||
| 020 | _a069111837X | ||
| 020 | _a691125163 | ||
| 020 | _a9780691118376 | ||
| 020 | _a9780691125169 | ||
| 040 |
_aCo-BoUCM _bspa |
||
| 041 | 0 | 0 | _aeng |
| 100 | 1 |
_aBoltanski, Luc _d1940- |
|
| 245 | 1 | 0 |
_aOn justification economies of worth _cLuc Boltanski, Laurent Thévenot ; traducción de Catherine Porter. |
| 260 |
_aPrinceton (Nueva Jersey, Estados Unidos) _bPrinceton University Press _c2006 |
||
| 300 | _aviii, 389 páginas | ||
| 504 | _aIncluye referencias bibliográficas e índice. | ||
| 650 | 0 | 4 |
_aBien común _910053 |
| 650 | 0 | 4 |
_aEconomía _9174 |
| 650 | 0 | 4 |
_aEconomía _xAspectos morales y éticos _9174 |
| 650 | 0 | 4 |
_aSociología _9386 |
| 650 | 0 | 4 |
_aSociología _xFilosofía _9386 |
| 700 | 1 |
_aPorter, Catherine _etraductor. |
|
| 700 | 1 | _aThévenot, Laurent | |
| 856 | 4 |
_zConsulte las tablas de contenido haciendo clic aquí _uhttp://www.loc.gov/catdir/toc/ecip0516/2005020884.html |
|
| 942 |
_cLIBRO _a5 _e1 _mB694o _2DEWEY _h300.1 |
||
| 999 |
_c37092 _d37092 |
||